00380nam a2200157Ia 4500008004100000020001400041245002300055245004700078260001500125260001600140260000900156300001400165300002500179300001000204500000800214170705s9999 xx 000 0 und d a590226509 aToo many tamales / cby Gary Soto ; illustrated by Ed Martinez. aNew York : bScholastic, c1993 aunpaged : bcolor illustration ; c28cm. a670